Logistika jako filozofie řízení

Základné princípy logistiky so zameraním na podnikovú logistiku. Päť hlavných zásad implementácie logistiky do výrobnej organizácie. Definícia logistiky ako filozofie riadenia.

Salvato in:
Dettagli Bibliografici
Autore principale: Sixta, Josef
Natura: Capitolo di libro
Lingua:ceco
Soggetti:
Tags: Aggiungi Tag
Nessun Tag, puoi essere il primo ad aggiungerne!!

MARC

LEADER 00000naa a2200000 4500
001 r039136
005 20231003123004.6
041 0 |a cze 
044 |a CZ 
245 1 0 |a Logistika jako filozofie řízení  |c Josef Sixta 
520 |a Základné princípy logistiky so zameraním na podnikovú logistiku. Päť hlavných zásad implementácie logistiky do výrobnej organizácie. Definícia logistiky ako filozofie riadenia. 
610 2 0 |a logistika 
610 2 0 |a podnik 
610 2 0 |a riadenie podnikové 
610 2 0 |a podnik výrobný 
610 2 0 |a manažment 
100 1 |a Sixta, Josef